Ma nyitja kapuját a Szeged Expó vasárnap estig pezseg a Hangár a Kereskedő közben
Elmentve itt :
| Dokumentumtípus: | Cikk |
|---|---|
| Megjelent: |
2003-07-02
|
| Sorozat: | Délmagyarország
93 No. 152 |
| Kulcsszavak: | Szeged, Eseménynaptár Szeged 2003. 07., Szeged Expó, Hangár Expó- és Konferenciaközpont (Szeged) |
| Online Access: | http://dmarchiv.bibl.u-szeged.hu/131011 |
| LEADER | 00554nab a2200145 i 4500 | ||
|---|---|---|---|
| 001 | delm131011 | ||
| 005 | 20191122115910.0 | ||
| 008 | 191122s2003 hu o 0|| hun d | ||
| 040 | |a SZTE Délmagyarország Archívum |b hun | ||
| 041 | |a hun | ||
| 245 | 0 | 0 | |a Ma nyitja kapuját a Szeged Expó |h [elektronikus dokumentum] : |b vasárnap estig pezseg a Hangár a Kereskedő közben |
| 260 | |c 2003-07-02 | ||
| 300 | |a 1, 3 | ||
| 490 | 0 | |a Délmagyarország |v 93 No. 152 | |
| 695 | |a Szeged, Eseménynaptár Szeged 2003. 07., Szeged Expó, Hangár Expó- és Konferenciaközpont (Szeged) | ||